Statistics for Silent Night Lyrics

Click here to take the quiz!

General Stats

  • This quiz has been taken 147 times
  • The average score is 8 of 13

Answer Stats

Answer% Correct
Silent night, {holy} night
100%
Round yon Virgin Mother and {Child}
96%
Sleep in {heavenly} peace
93%
All is {calm}, all is bright
84%
Holy {Infant} so tender and mild
78%
Christ, the {Saviour} is born
76%
{Jesus}, Lord, at Thy birth
55%
{Son} of God, love's pure light
55%
Heavenly hosts sing {Alleluia}!
48%
Shepherds {quake} at the sight
44%
Radiant beams from Thy holy {face}
39%
With the dawn of {redeeming} grace
30%
{Glories} stream from heaven afar
20%

Score Distribution

Percentile by Number Answered

Percent of People with Each Score

Your Score History

You have not taken this quiz